|
|
|
|
| LEADER |
01074cam a2200277 7i4500 |
| 001 |
0000014483 |
| 005 |
20220921090000.0 |
| 008 |
220921t19981998nyu# ### #00001eng## |
| 020 |
# |
# |
|a 0471183423 (pbk.)
|
| 040 |
# |
# |
|a UMT
|b eng
|c UMT
|e rda
|
| 090 |
0 |
0 |
|a BF 637 .N66
|b A9 1998
|
| 100 |
1 |
# |
|a Axtell, Roger E.
|e author
|
| 245 |
1 |
0 |
|a Gestures :
|b the do's and taboos of body language around the world
|c Roger E. Axtell ; illustrations by Mike Fornwald.
|
| 264 |
# |
1 |
|a New York:
|b Wiley,
|c 1998
|
| 264 |
# |
4 |
|c ♭1998
|
| 300 |
# |
# |
|a xvii, 238 pages:
|b illustrations;
|c 24 cm
|
| 336 |
# |
# |
|a text --
|2 rdacontent
|
| 337 |
# |
# |
|a unmediated --
|2 rdamedia
|
| 338 |
# |
# |
|a volume --
|2 rdacarrier
|
| 504 |
# |
# |
|a Includes bibliographical references (p. 233-234) and index
|
| 590 |
# |
# |
|a Pusat Pengajian Pembangunan Sosial dan Ekonomi
|
| 650 |
0 |
0 |
|a Nonverbal communication --
|x Cross-cultural studies
|
| 650 |
0 |
0 |
|a Gesture --
|x Cross-cultural studies
|
| 650 |
0 |
0 |
|a Body language --
|x Cross-cultural studies
|
| 700 |
1 |
# |
|a Fornwald, Mike
|
| 999 |
|
|
|a 2000130260
|b Book
|c Open Shelf
|e KOLEKSI TERBUKA
|